Return on character : the real reason leaders and their companies win

Tallennettuna:
Bibliografiset tiedot
Päätekijä:  Kiel, Fred
Aineistotyyppi: Sách
Kieli:Undetermined
Julkaistu:  Harvard Business Review Press  2015
Aiheet:
Tagit: Lisää tagi
Ei tageja, Lisää ensimmäinen tagi!
Thư viện lưu trữ: Trung tâm Thư viện - Trường Đại học Công nghiệp TP. Hồ Chí Minh
LEADER 00573nam a2200157Ia 4500
001 UIH_03804
008 231011s9999 xx 000 0 und d
082 |a  658.4092 
100 |a  Kiel, Fred 
245 0 |a  Return on character : the real reason leaders and their companies win 
245 0 |c  Kiel, Fred 
260 |b  Harvard Business Review Press 
260 |c  2015 
650 |a  Khả năng lãnh đạo; Quản lý; Khả năng điều hành;  
927 |a Sách 
980 |a Trung tâm Thư viện - Trường Đại học Công nghiệp TP. Hồ Chí Minh